000 00753nam a22002297a 4500
005 20210325185404.0
008 s2000 eng d
020 _a0477037585
041 _aeng
050 _aR AY580.U5 U54 2000
110 0 _aNew Zealand. Ministry of Foreign Affairs and Trade
245 1 0 _aUnited Nations handbook 2000
260 3 _aWellington :
_b\The \\Ministry of Foreign Affairs and Trade, New Zealand,
_c2000
300 _a374 p. ;
_b 24 cm.
610 _aNew Zealand. Ministry of Foreign Affairs and Trade
650 0 4 _aUnited Nations -- Handbook -- 2000
650 0 4 _aUnited Nations -- Handbook -- 2000
850 _aNALT
942 _cREF
997 _c000000000022832
998 _aBENJALUCK SUTTHIWILAI
999 _c22832
_d22832